Queens Park Rangers Best Scorer By Year - Statistics

General Stats
  • This quiz has been taken 67 times
  • The average score is 4 of 18
Answer Stats
Player % Correct
Les Ferdinand
83%
Charlie Austin
66%
Stan Bowles
39%
Loïc Rémy
37%
Clive Allen
31%
Don Givens
29%
Danny Dichio
17%
Roy Wegerle
17%
Heiðar Helguson
15%
Paul Goddard
15%
Mark Falco
12%
Andy Sinton
10%
Gary Bannister
10%
Colin Clarke
8%
Mick Leach
8%
Barry Bridges
7%
Peter Eastoe
7%
Martyn Busby
3%
No matching quizzes found
Score Distribution
Percent of People with Each Score
Percentile by Number Answered
Your Score History
You have not taken this quiz